000 00870nam a2200229Ia 4500
001 15688
003 GE_BSU
008 181216s||||||||xx |||||||||||||| ||und||
040 _cGE_BSU
080 _a82-93
100 _aჩაჩუა, ანა
245 _aციყვი-სკუპია
245 _bზღაპარი-მოთხრობა. უმცრ. სასკოლო ასაკის ბავშვებისათვის
245 _cთარგმნა ნ. მალაზონია ; ილ.: ო. ჩაჩუა-სელეზნიოვა.
260 _aბათუმი
260 _bსაბჭ. აჭარა
260 _c1971
300 _a29გვ. : 6 ფ. ილ. ; 21სმ
653 _aზღაპარი-მოთხრობა
653 _aციყვი-სკუპია
942 _cBK
999 _c48786
_d48786